000 00249nam a22001217a 4500
082 _a823
_bJAI/R
100 _aJAIN, KULDEEP
245 _aRAPUNZEL
246 _aRAPUNZEL
_bRAPUNZEL
260 _aNEW DELHI
_bPEGASUS
_c2025
300 _a16
942 _cBK
999 _c9150
_d9150